| 000 | 01922nam0a2200349 4500 | ||
|---|---|---|---|
| 001 | RU\NLR\bibl\582743 | ||
| 005 | 20260407014150.0 | ||
| 021 |
_aRU _b2004-32425 _91630 |
||
| 035 | _a(NLR Aleph) 000574737 | ||
| 090 |
_a1614879 _c1614879 |
||
| 100 | _a20041214d2003 |||y0rusy50 ca | ||
| 101 | 0 | _arus | |
| 102 | _aRU | ||
| 105 | _aa ||||||||| | ||
| 200 | 1 |
_aОбщий курс транспорта _eучеб. пособие для студентов спец. 240100, 351300, 060800, 061100 _e[по выполн. граф. части практ. заданий] _fМ-во путей сообщения Рос. Федерации, Моск. гос. ун-т путей сообщения (МИИТ), Каф. "Ж.-д. станции и узлы" _g[Вакуленко С.П. и др.] _gпод ред. С.П. Вакуленко |
|
| 205 | _a[3-е изд., перераб. и доп.] | ||
| 210 |
_aМ. _cМИИТ _d2003 |
||
| 215 |
_a23, [1] c. _cил. _d29 |
||
| 313 | _aпредыд. изданий нет. Ж.д. | ||
| 320 | _aБиблиогр. в конце кн. (6 назв.) | ||
| 606 | 0 |
_aЖелезные дороги _jРуководства, пособия и т.п. для высшей школы _91287921 _3RU\NLR\auth\66214378 |
|
| 606 | 0 |
_aЖелезные дороги _jУчебные издания для высших учебных заведений _91287921 _3RU\NLR\auth\66214378 |
|
| 686 | _aО2я73-1 | ||
| 702 | 1 |
_aВакуленко _bС. П. _gСергей Петрович _4220 |
|
| 712 | 0 | 2 |
_4570 _aМосковский государственный университет путей сообщения _bКафедра "Железнодорожные станции и узлы" _9501992 _3RU\NLR\AUTH\8810002401 |
| 801 | 0 |
_aRU _bNLR _c20041214 _gPSBO |
|
| 801 | 1 |
_aRU _bNLR _c20041214 |
|
| 830 | _aсост. по кн. | ||
| 942 | _cBOOK | ||
| 980 | _aNB | ||